000 00273nam a2200109Ia 4500
008 190216s9999||||xx |||||||||||||| ||und||
100 _aSharma J N And Vasishtha
245 0 _aMathematical Analysis
260 _bKrishna Prakasan Mandir
_c1994
300 _a871p
942 _cBK
999 _c31066
_d31066